[Event "Landesliga Nord 1011"]
[Site "Bayern"]
[Date "2011.02.06"]
[Round "6.8"]
[White "Oehrlein, Alexander"]
[Black "Frieser, Klaus"]
[Result "1/2-1/2"]
[WhiteElo "2032"]
[BlackElo "2045"]
[PlyCount "152"]
[EventDate "2010.10.10"]
[EventType "team-tourn"]
[EventRounds "9"]
[EventCountry "GER"]
[SourceTitle "EXT 2012"]
[Source "ChessBase"]
[SourceDate "2011.11.24"]
[SourceVersion "1"]
[SourceVersionDate "2011.11.24"]
[SourceQuality "1"]
[WhiteTeam "Bindlach II"]
[BlackTeam "Kelheim"]
[WhiteTeamCountry "GER"]
[BlackTeamCountry "GER"]

1. d4 d5 2. c4 e6 3. Nc3 f5 4. g3 Nf6 5. Bg2 c6 6. Nh3 Bd6 7. c5 Bc7 8. Bf4 Nbd7 9. Bxc7 Qxc7 10. f4 Ne4 11. Bxe4 fxe4 12. Nf2 Nf6 13. e3 b6 14. b4 a5 15. a3 b5 16. bxa5 Qxa5 17. Kd2 0-0 18. Kc2 Rf7 19. Qd2 Rfa7 20. Rhb1 Qc7 21. Rb3 Ra5 22. Kb2 Qf7 23. Qd1 Qa7 24. Ra2 b4 25. Rxb4 Rxa3 26. Qa1 Qa5 27. Rb3 Rxb3+ 28. Kxb3 Rb8+ 29. Kc2 Qb4 30. Rb2 Qxb2+ 31. Qxb2 Rxb2+ 32. Kxb2 Kf7 33. Ka3 Ke7 34. Ka4 Kd8 35. Ka5 Kc7 36. h3 h5 37. Na2 Ng8 38. g4 g6 39. Nb4 Nh6 40. Nc2 Kb7 41. Ne1 Ka7 42. Ng2 Ba6 43. Nh4 hxg4 44. hxg4 Be2 45. Nxg6 Bxg4 46. Ne5 Bf5 47. Nxc6+ Kb7 48. Kb5 Kc7 49. Nb4 Bg6 50. Na6+ Kc8 51. Kb6 Nf5 52. Ng4 Bh5 53. Nf6 Bf7 54. Ng4 Bh5 55. Nf6 Be2 56. Nc7 Nxe3 57. Nxe6 Bd1 58. c6 Bb3 59. Kc5 Nf5 60. Nd7 Ne7 61. Nb6+ Kb8 62. c7+ Kb7 63. Kd6 Nc8+ 64. Nxc8 Kxc8 65. Nc5 e3 66. Nd3 Bc2 67. Ne1 Be4 68. Kc6 e2 69. Kd6 Bf5 70. Kxd5 Kxc7 71. Ke5 Bg4 72. f5 Kd7 73. Kf6 Kd6 74. Kg5 Bxf5 75. Kxf5 Kd5 76. Nf3 e1Q 1/2-1/2

[Event "Regionalliga NW 0910"]
[Site "Bayern"]
[Date "2009.11.15"]
[Round "2.4"]
[White "Bittner, Harald"]
[Black "Oehrlein, Alexander"]
[Result "0-1"]
[WhiteElo "1959"]
[BlackElo "2025"]
[PlyCount "82"]
[EventDate "2009.10.18"]
[EventType "team-tourn"]
[EventRounds "9"]
[EventCountry "GER"]
[SourceTitle "EXT 2011"]
[Source "ChessBase"]
[SourceDate "2010.11.26"]
[SourceVersion "1"]
[SourceVersionDate "2010.11.26"]
[SourceQuality "1"]
[WhiteTeam "Bad Neustadt"]
[BlackTeam "Bindlach II"]
[WhiteTeamCountry "GER"]
[BlackTeamCountry "GER"]

1. f4 g6 2. Nf3 Bg7 3. c3 Nf6 4. g3 d5 5. Bg2 0-0 6. 0-0 c5 7. d3 Nc6 8. Qc2 Qb6 9. Kh1 d4 10. Na3 Be6 11. e4 dxe3 12. Bxe3 Rac8 13. Ng5 Bd5 14. Ne4 Nd7 15. f5 Nd4 16. Bxd4 cxd4 17. c4 e5 18. fxg6 hxg6 19. Qd2 Bxe4 20. Bxe4 f5 21. Bg2 Nf6 22. b4 Ng4 23. c5 Qa6 24. Nc4 Bh6 25. Qe2 Ne3 26. Nxe3 Bxe3 27. a4 Rc7 28. Qa2+ Kg7 29. b5 Qf6 30. Qd5 Rd8 31. Qc4 Qg5 32. Qe6 Re7 33. h4 Rxe6 34. hxg5 Rh8+ 35. Bh3 Rxh3+ 36. Kg2 Rh8 37. Ra2 Rc8 38. Rc2 Bxg5 39. a5 e4 40. dxe4 fxe4 41. Rc4 d3 0-1

[Event "Regionalliga NW 0809"]
[Site "Bayern"]
[Date "2009.03.29"]
[Round "9.3"]
[White "Gehlert, Klaus"]
[Black "Oehrlein, Alexander"]
[Result "1/2-1/2"]
[WhiteElo "2069"]
[BlackElo "2076"]
[PlyCount "28"]
[EventDate "2008.10.05"]
[EventType "team-tourn"]
[EventRounds "9"]
[EventCountry "GER"]
[SourceTitle "EXT 2020"]
[Source "ChessBase"]
[SourceDate "2019.10.17"]
[SourceVersion "1"]
[SourceVersionDate "2019.10.17"]
[SourceQuality "1"]
[WhiteTeam "Wuerzburg II"]
[BlackTeam "Bindlach II"]
[WhiteTeamCountry "GER"]
[BlackTeamCountry "GER"]

1. d4 Nf6 2. c4 c5 3. d5 b5 4. cxb5 a6 5. bxa6 Bxa6 6. Nc3 g6 7. e4 Bxf1 8. Kxf1 d6 9. Nf3 Bg7 10. h3 0-0 11. Kg1 Qa5 12. Kh2 Nbd7 13. Re1 Rfb8 14. Re2 Ne8 1/2-1/2

[Event "Regionalliga NW 0809"]
[Site "Bayern"]
[Date "2009.03.01"]
[Round "7.3"]
[White "Wilfert, Andre"]
[Black "Oehrlein, Alexander"]
[Result "1-0"]
[WhiteElo "2009"]
[BlackElo "2076"]
[PlyCount "45"]
[EventDate "2008.10.05"]
[EventType "team-tourn"]
[EventRounds "9"]
[EventCountry "GER"]
[SourceTitle "EXT 2020"]
[Source "ChessBase"]
[SourceDate "2019.10.17"]
[SourceVersion "1"]
[SourceVersionDate "2019.10.17"]
[SourceQuality "1"]
[WhiteTeam "Marktleuthen"]
[BlackTeam "Bindlach II"]
[WhiteTeamCountry "GER"]
[BlackTeamCountry "GER"]

1. e4 g6 2. d4 Bg7 3. Nf3 d6 4. Bc4 Nf6 5. Nc3 a6 6. 0-0 b5 7. Bb3 0-0 8. e5 Ne8 9. Ng5 Bb7 10. e6 f6 11. Nf7 Qc8 12. Re1 c5 13. Nd5 Bxd5 14. Bxd5 Ra7 15. dxc5 dxc5 16. Be3 f5 17. b4 Rc7 18. bxc5 Bxa1 19. Qxa1 Nf6 20. Bg5 Nbd7 21. exd7 Qxd7 22. Be6 Qc6 23. Nd8+ 1-0

[Event "Regionalliga NW 0809"]
[Site "Bayern"]
[Date "2008.10.26"]
[Round "2.3"]
[White "Hild, Detlef"]
[Black "Oehrlein, Alexander"]
[Result "0-1"]
[WhiteElo "2050"]
[BlackElo "2076"]
[PlyCount "56"]
[EventDate "2008.10.05"]
[EventType "team-tourn"]
[EventRounds "9"]
[EventCountry "GER"]
[SourceTitle "EXT 2020"]
[Source "ChessBase"]
[SourceDate "2019.10.17"]
[SourceVersion "1"]
[SourceVersionDate "2019.10.17"]
[SourceQuality "1"]
[WhiteTeam "Nordhalben"]
[BlackTeam "Bindlach II"]
[WhiteTeamCountry "GER"]
[BlackTeamCountry "GER"]

1. g3 g6 2. Bg2 Bg7 3. Nf3 c5 4. c3 e5 5. d4 cxd4 6. cxd4 e4 7. Ne5 d5 8. f3 exf3 9. Bxf3 Nc6 10. Nc3 Nge7 11. Bf4 0-0 12. Rc1 Qb6 13. Nxc6 bxc6 14. Bd6 Re8 15. Na4 Qb5 16. 0-0 Nf5 17. Be5 Ne3 18. Nc3 Qxb2 19. Qa4 Nxf1 20. Qxc6 Bb7 21. Na4 Bxc6 22. Nxb2 Bxe5 23. dxe5 Nd2 24. Rxc6 Nxf3+ 25. exf3 Rxe5 26. a4 Rd8 27. Rc7 d4 28. Nc4 d3 0-1

[Event "Regionalliga NW 0809"]
[Site "Bayern"]
[Date "2008.10.05"]
[Round "1.3"]
[White "Oehrlein, Alexander"]
[Black "Kraich, Klaus"]
[Result "0-1"]
[WhiteElo "2076"]
[BlackElo "2100"]
[PlyCount "124"]
[EventDate "2008.10.05"]
[EventType "team-tourn"]
[EventRounds "9"]
[EventCountry "GER"]
[SourceTitle "EXT 2020"]
[Source "ChessBase"]
[SourceDate "2019.10.17"]
[SourceVersion "1"]
[SourceVersionDate "2019.10.17"]
[SourceQuality "1"]
[WhiteTeam "Bindlach II"]
[BlackTeam "Klingenberg"]
[WhiteTeamCountry "GER"]
[BlackTeamCountry "GER"]

1. d4 d5 2. c4 e6 3. Nc3 c6 4. cxd5 exd5 5. Nf3 Nf6 6. Bf4 Be7 7. e3 Bf5 8. Bd3 Bxd3 9. Qxd3 0-0 10. 0-0 Re8 11. Rab1 a5 12. h3 Nbd7 13. Rfc1 Nb6 14. Nd2 Bd6 15. Bxd6 Qxd6 16. a3 Nbd7 17. Qc2 Rec8 18. b4 axb4 19. axb4 b5 20. Qb2 Nb6 21. Ra1 g6 22. Ne2 Nc4 23. Qc3 Qe7 24. Nf4 g5 25. Nd3 g4 26. hxg4 Nxg4 27. Nxc4 bxc4 28. Ne5 Nxe5 29. dxe5 Rab8 30. Rcb1 Rb6 31. Qd4 Rcb8 32. Ra4 h5 33. Ra8 Kh7 34. Rxb8 Rxb8 35. Qf4 Qe6 36. g3 Qg6 37. Ra1 Rb7 38. Ra6 c3 39. Ra1 c2 40. Rc1 c5 41. Qf6 cxb4 42. Qxg6+ Kxg6 43. Rxc2 Kf5 44. Kf1 b3 45. Rb2 Kxe5 46. Ke2 d4 47. Kd3 dxe3 48. Kxe3 Kf5 49. Kf3 Rb4 50. Ke3 Kg4 51. Ke2 Rb6 52. Ke3 f5 53. Ke2 f4 54. gxf4 Kxf4 55. Ke1 Kf3 56. Kf1 Rb5 57. Ke1 h4 58. Kf1 Rb4 59. Kg1 Ke4 60. Kg2 Kd3 61. f4 Kc3 62. Rb1 Rxf4 0-1

[Event "Regionalliga NW 0708"]
[Site "Bayern"]
[Date "2008.01.20"]
[Round "5.2"]
[White "Oehrlein, Alexander"]
[Black "Strube, Frank"]
[Result "1/2-1/2"]
[WhiteElo "2057"]
[BlackElo "2113"]
[PlyCount "39"]
[EventDate "2007.10.21"]
[EventType "team-tourn"]
[EventRounds "9"]
[EventCountry "GER"]
[SourceTitle "EXT 2009"]
[Source "ChessBase"]
[SourceDate "2008.11.26"]
[SourceVersion "1"]
[SourceVersionDate "2008.11.26"]
[SourceQuality "1"]
[WhiteTeam "Bindlach III"]
[BlackTeam "Bamberg II"]
[WhiteTeamCountry "GER"]
[BlackTeamCountry "GER"]

1. d4 d5 2. c4 c6 3. Nc3 dxc4 4. e3 b5 5. a4 b4 6. Na2 e6 7. Bxc4 Nf6 8. Nf3 Be7 9. 0-0 0-0 10. b3 Bb7 11. Bb2 Nbd7 12. Nc1 c5 13. Nd3 cxd4 14. Bxd4 Nb6 15. Nd2 Ne4 16. Qg4 Nf6 17. Qe2 Nfd5 18. Rac1 Bf6 19. Ne5 Nxc4 20. Ndxc4 1/2-1/2

[Event "Oberfranken-ch M 0607"]
[Site "Schney"]
[Date "2007.01.06"]
[Round "8"]
[White "Oehrlein, Alexander"]
[Black "Froehlich, Markus"]
[Result "1-0"]
[WhiteElo "2126"]
[BlackElo "1941"]
[PlyCount "99"]
[EventDate "2007.01.02"]
[EventType "swiss"]
[EventRounds "9"]
[EventCountry "GER"]
[SourceTitle "EXT 2015"]
[Source "ChessBase"]
[SourceDate "2014.11.20"]
[SourceVersion "1"]
[SourceVersionDate "2014.11.20"]
[SourceQuality "1"]

1. d4 d5 2. c4 c6 3. Nc3 Nf6 4. cxd5 cxd5 5. Bf4 Nc6 6. e3 a6 7. h3 e6 8. Bd3 Bd6 9. Nge2 Bxf4 10. Nxf4 Qd6 11. Nh5 Nxh5 12. Qxh5 Nb4 13. Bb1 Nc6 14. a3 Bd7 15. 0-0 Na5 16. Bd3 Rc8 17. e4 Nb3 18. Rad1 Bc6 19. exd5 exd5 20. Rfe1+ Kf8 21. Bf5 Rd8 22. Bg4 h6 23. Bf3 g6 24. Qe5 Qxe5 25. Rxe5 f6 26. Re3 Na5 27. Rde1 Rh7 28. Be2 Rhd7 29. Bd3 g5 30. Bf5 Rd6 31. Re7 Re8 32. Rxe8+ Bxe8 33. Re6 Rxe6 34. Bxe6 Bf7 35. Bxd5 Bxd5 36. Nxd5 Kf7 37. Ne3 Ke6 38. Kf1 f5 39. Ke2 f4 40. Nd1 h5 41. Kd3 b5 42. h4 f3 43. g3 g4 44. Ne3 Nb3 45. Ke4 Nc1 46. d5+ Kf6 47. d6 Ke6 48. Nxg4 hxg4 49. h5 Ne2 50. Ke3 1-0

[Event "Oberfranken-ch M 0607"]
[Site "Schney"]
[Date "2007.01.02"]
[Round "2"]
[White "Oehrlein, Alexander"]
[Black "Geisensetter, Franz"]
[Result "1/2-1/2"]
[WhiteElo "2126"]
[BlackElo "2041"]
[PlyCount "113"]
[EventDate "2007.01.02"]
[EventType "swiss"]
[EventRounds "9"]
[EventCountry "GER"]
[SourceTitle "EXT 2015"]
[Source "ChessBase"]
[SourceDate "2014.11.20"]
[SourceVersion "1"]
[SourceVersionDate "2014.11.20"]
[SourceQuality "1"]

1. Nf3 d5 2. c4 d4 3. b4 g6 4. Bb2 Bg7 5. d3 e5 6. g3 Ne7 7. Bg2 c6 8. 0-0 0-0 9. Nbd2 Bg4 10. h3 Bf5 11. c5 a5 12. Nc4 axb4 13. Ncxe5 Nd7 14. Nxd7 Qxd7 15. Qb3 Bxh3 16. Bxh3 Qxh3 17. Bxd4 Bxd4 18. Nxd4 Rad8 19. Nf3 Nf5 20. e4 Nd4 21. Qd1 f5 22. Nxd4 Rxd4 23. Qb3+ Kg7 24. Qe6 Rxd3 25. Rad1 Rfd8 26. Rxd3 Rxd3 27. e5 Kh6 28. Qe7 f4 29. Qf8+ Kh5 30. Qxf4 Qg4 31. Rb1 Rd4 32. Qf7 Rd7 33. Qf6 Qg5 34. Qxg5+ Kxg5 35. Rxb4 Kf5 36. f4 Kg4 37. Rb3 Rd1+ 38. Kf2 Rd2+ 39. Ke3 Rxa2 40. e6 Kf5 41. e7 Ra8 42. Rxb7 h6 43. Rd7 Re8 44. Kf3 h5 45. Rc7 g5 46. Rxc6 Rxe7 47. Rh6 g4+ 48. Kf2 Ra7 49. Rxh5+ Ke4 50. Re5+ Kd4 51. Rg5 Ra2+ 52. Ke1 Ke3 53. Kd1 Kf3 54. c6 Kxg3 55. Rc5 Ra8 56. c7 Rc8 57. Ke2 1/2-1/2

[Event "GER-chT U20"]
[Site "Kelbra"]
[Date "2006.12.29"]
[Round "5.2"]
[White "Oehrlein, Alexander"]
[Black "Kubens, Viktor"]
[Result "1-0"]
[WhiteElo "2126"]
[BlackElo "1995"]
[PlyCount "57"]
[EventDate "2006.12.27"]
[EventType "team-swiss"]
[EventRounds "7"]
[EventCountry "GER"]
[SourceTitle "EXT 2008"]
[Source "ChessBase"]
[SourceDate "2007.11.25"]
[SourceVersion "1"]
[SourceVersionDate "2007.11.25"]
[SourceQuality "1"]
[WhiteTeam "Bindlach Aktionaer U20"]
[BlackTeam "Biebertal U20"]
[WhiteTeamCountry "GER"]
[BlackTeamCountry "GER"]

1. e4 Nf6 2. Nc3 d5 3. e5 d4 4. Nce2 Nfd7 5. e6 Ne5 6. f4 Nec6 7. exf7+ Kxf7 8. Nf3 h6 9. Ng3 Qd6 10. Bc4+ e6 11. 0-0 Nd7 12. Ne5+ Kg8 13. Ng6 Nf6 14. d3 Ne7 15. Nxh8 Kxh8 16. Ne4 Nxe4 17. dxe4 a6 18. Bd2 b5 19. Bd3 c5 20. b3 Bb7 21. a4 Rc8 22. axb5 axb5 23. Qe2 b4 24. Ba6 Bxa6 25. Rxa6 Qc7 26. Rxe6 Ra8 27. f5 Nc8 28. Bf4 Bd6 29. Re8+ 1-0

[Event "GER-chT U20"]
[Site "Kelbra"]
[Date "2006.12.28"]
[Round "4.2"]
[White "Luo, Xinping"]
[Black "Oehrlein, Alexander"]
[Result "1-0"]
[WhiteElo "1945"]
[BlackElo "2126"]
[PlyCount "53"]
[EventDate "2006.12.27"]
[EventType "team-swiss"]
[EventRounds "7"]
[EventCountry "GER"]
[SourceTitle "EXT 2008"]
[Source "ChessBase"]
[SourceDate "2007.11.25"]
[SourceVersion "1"]
[SourceVersionDate "2007.11.25"]
[SourceQuality "1"]
[WhiteTeam "Heilbronn U20"]
[BlackTeam "Bindlach Aktionaer U20"]
[WhiteTeamCountry "GER"]
[BlackTeamCountry "GER"]

1. e4 e6 2. d4 d5 3. Nc3 Nf6 4. Bg5 Be7 5. e5 Nfd7 6. Bxe7 Qxe7 7. f4 Nb6 8. Qd2 Bd7 9. b3 c5 10. Nf3 0-0 11. Bd3 c4 12. Be2 Rc8 13. 0-0 a5 14. a3 Be8 15. Rfc1 Na6 16. Nd1 Nc7 17. Ne3 cxb3 18. cxb3 a4 19. b4 Nb5 20. Rc5 Rxc5 21. dxc5 Nc8 22. f5 b6 23. fxe6 fxe6 24. Nxd5 Qd7 25. Bxb5 Qxd5 26. Qxd5 exd5 27. Bxe8 1-0

[Event "Bayern-chI Bank Hofmann 10th"]
[Site "Bad Wiessee"]
[Date "2006.11.11"]
[Round "8"]
[White "Zunker, Reinhard"]
[Black "Oehrlein, Alexander"]
[Result "1/2-1/2"]
[WhiteElo "2244"]
[BlackElo "2126"]
[PlyCount "73"]
[EventDate "2006.11.04"]
[EventType "swiss"]
[EventRounds "9"]
[EventCountry "GER"]
[SourceTitle "EXT 2007"]
[Source "ChessBase"]
[SourceDate "2006.11.23"]
[SourceVersion "1"]
[SourceVersionDate "2006.11.23"]
[SourceQuality "1"]

1. e4 e6 2. d4 d5 3. Nc3 Bb4 4. e5 b6 5. Qg4 Bf8 6. h4 h5 7. Qf3 Qd7 8. Nge2 Nc6 9. Be3 Ba6 10. g3 0-0-0 11. Bh3 Kb8 12. Nf4 Bb7 13. Nd3 Nxd4 14. Bxd4 c5 15. Ne2 cxd4 16. Nxd4 Bc5 17. Qe3 Bxd4 18. Qxd4 Rc8 19. 0-0 Rxc2 20. Rac1 Rxc1 21. Rxc1 Ne7 22. Qf4 Nc6 23. Nb4 Rc8 24. Bf1 Qe7 25. Nxc6+ Rxc6 26. Rxc6 Bxc6 27. b4 Kb7 28. Be2 g6 29. Qd4 a6 30. f4 Ba4 31. Qc3 a5 32. a3 axb4 33. axb4 b5 34. Kf2 Qc7 35. Qxc7+ Kxc7 36. Ke3 Kc6 37. Kd4 1/2-1/2

[Event "Oberfranken-ch U18"]
[Site "Schney"]
[Date "2006.01.02"]
[Round "2.1"]
[White "Hermann, Alexej"]
[Black "Oehrlein, Alexander"]
[Result "0-1"]
[WhiteElo "1353"]
[BlackElo "2095"]
[PlyCount "112"]
[EventDate "2006.01.02"]
[EventType "swiss"]
[EventRounds "7"]
[EventCountry "GER"]
[SourceTitle "EXT 2019"]
[Source "ChessBase"]
[SourceDate "2018.10.10"]
[SourceVersion "1"]
[SourceVersionDate "2018.10.10"]
[SourceQuality "1"]

1. e4 e6 2. d4 b6 3. Nc3 Bb7 4. Bd3 Nf6 5. Nf3 d5 6. exd5 Nxd5 7. Nxd5 Qxd5 8. Be3 Nd7 9. Qd2 Be7 10. c3 0-0 11. Be2 h6 12. Qd3 Rad8 13. c4 Bb4+ 14. Bd2 Bxd2+ 15. Qxd2 Qe4 16. Qd3 Qxd3 17. Bxd3 Bxf3 18. gxf3 c5 19. dxc5 Ne5 20. Be2 bxc5 21. Rd1 a5 22. b3 a4 23. 0-0 Nc6 24. Rxd8 Rxd8 25. Rd1 Nd4 26. Kf1 axb3 27. axb3 Rb8 28. Rb1 Rxb3 29. Rxb3 Nxb3 30. Ke1 Nd4 31. Kd2 Nxe2 32. Kxe2 e5 33. Ke3 f5 34. f4 e4 35. f3 exf3 36. Kxf3 g5 37. h3 Kf7 38. Kg3 gxf4+ 39. Kxf4 Kf6 40. h4 h5 41. Ke3 Ke5 42. Kd3 Kf4 43. Ke2 Kg3 44. Kf1 f4 45. Kg1 f3 46. Kh1 Kxh4 47. Kg1 Kg3 48. Kh1 h4 49. Kg1 f2+ 50. Kf1 h3 51. Ke2 h2 52. Kf1 h1R+ 53. Ke2 f1Q+ 54. Ke3 Qf3+ 55. Kd2 Rh2+ 56. Ke1 Qh1# 0-1

[Event "Bayern-chI Bank Hofmann 9th"]
[Site "Bad Wiessee"]
[Date "2005.10.29"]
[Round "1"]
[White "Hoffmann, Michael"]
[Black "Oehrlein, Alexander"]
[Result "1-0"]
[WhiteElo "2443"]
[BlackElo "2040"]
[PlyCount "53"]
[EventDate "2005.10.29"]
[EventType "swiss"]
[EventRounds "9"]
[EventCountry "GER"]
[SourceTitle "EXT 2006"]
[Source "ChessBase"]
[SourceDate "2005.11.24"]
[SourceVersion "1"]
[SourceVersionDate "2005.11.24"]
[SourceQuality "1"]

1. e4 c5 2. Nf3 d6 3. d4 cxd4 4. Nxd4 Nf6 5. Nc3 a6 6. Be3 e5 7. Nb3 Be6 8. f4 Nbd7 9. f5 Bxb3 10. axb3 Be7 11. Qf3 Qc7 12. 0-0-0 b5 13. g4 h6 14. h4 b4 15. Na4 Nc5 16. Nxc5 dxc5 17. g5 hxg5 18. hxg5 Rxh1 19. Qxh1 Nd7 20. Bc4 Bf8 21. g6 f6 22. Qh8 Qa5 23. Kb1 0-0-0 24. Be6 Kb8 25. Rxd7 Rxd7 26. Bxd7 Qd8 27. Bxc5 1-0

[Event "Bayern-ch U14"]
[Site "Mimberg"]
[Date "2002.04.05"]
[Round "7"]
[White "Kirch, Daniel"]
[Black "Oehrlein, Alexander"]
[Result "1/2-1/2"]
[WhiteElo "1492"]
[BlackElo "1646"]
[PlyCount "52"]
[EventDate "2002.04.??"]
[EventType "swiss"]
[EventRounds "7"]
[EventCountry "GER"]
[SourceTitle "EXT 2004"]
[Source "ChessBase"]
[SourceDate "2003.11.25"]
[SourceVersion "1"]
[SourceVersionDate "2003.11.25"]
[SourceQuality "1"]

1. d4 d5 2. c4 e6 3. Nc3 Nf6 4. Bg5 Be7 5. Nf3 0-0 6. e3 Nbd7 7. Qc2 c6 8. Rc1 Re8 9. Bd3 h6 10. Bf4 Nh5 11. Be5 Nxe5 12. Nxe5 Nf6 13. 0-0 Qc7 14. cxd5 exd5 15. a3 Qb8 16. b4 a6 17. Na4 Be6 18. Nf3 Bg4 19. h3 Bxf3 20. gxf3 Qd8 21. Nc5 Rb8 22. a4 Nh5 23. Bf5 g6 24. Bg4 Ng7 25. f4 h5 26. Bf3 g5 1/2-1/2